| 000 | 00366nam a2200145Ia 4500 | ||
|---|---|---|---|
| 008 | 230917s9999||||xx |||||||||||||| ||und|| | ||
| 040 |
_e48423 _aMAIN |
||
| 041 | _aEnglish | ||
| 082 | _a823.9 D84L | ||
| 100 | _aDrucker, Peter F | ||
| 245 | 0 | _aLast of all possible worlds: A novel | |
| 260 |
_aLondon _bWilliam-Heinemann _c1982 |
||
| 300 | _av, 218 p. | ||
| 942 | _cBK | ||
| 999 |
_c35893 _d35893 |
||